Conceptos matemáticos útiles en economía (Registro nro. 4528)
[ vista simple ]
| 000 -LEADER | |
|---|---|
| fixed length control field | 01497 a2200205 4500 |
| 001 - CONTROL NUMBER | |
| control field | 48081 |
| 005 - DATE AND TIME OF LATEST TRANSACTION | |
| control field | 20260407155746.0 |
| 008 - FIXED-LENGTH DATA ELEMENTS--GENERAL INFORMATION | |
| fixed length control field | 260407a1976 arg spa d |
| 003 - CONTROL NUMBER IDENTIFIER | |
| control field | AR-UNSa-BCEJYS |
| 040 ## - CATALOGING SOURCE | |
| Original cataloging agency | AR-UNSa-BCEJYS |
| Language of cataloging | spa |
| Transcribing agency | AR-UNSa-BCEJYS |
| 080 ## - UNIVERSAL DECIMAL CLASSIFICATION NUMBER | |
| Universal Decimal Classification number | 330.101.542 |
| Common auxiliary subdivision | Microeconomía |
| 100 1# - MAIN ENTRY--PERSONAL NAME | |
| Personal name | Fernandez Pol, Jorge E. |
| 245 10 - TITLE STATEMENT | |
| Title | Conceptos matemáticos útiles en economía |
| 250 ## - EDITION STATEMENT | |
| Edition statement | 3a. ed. |
| 264 #1 - PRODUCTION, PUBLICATION, DISTRIBUTION, MANUFACTURE, AND COPYRIGHT NOTICE | |
| Place of production, publication, distribution, manufacture | Buenos Aires : |
| Name of producer, publisher, distributor, manufacturer | El Coloquio |
| Date of production, publication, distribution, manufacture, or copyright notice | 1976 |
| 300 ## - PHYSICAL DESCRIPTION | |
| Extent | 380 p. |
| Dimensions | 21 cm. |
| 505 ## - FORMATTED CONTENTS NOTE | |
| Formatted contents note | Parte I: Introducción: 1. Conjuntos y funciones - 2. Derivada ordinaria, derivada logarítmica y elasticidad - 3. Derivadas parciales - 4. Diferenciales - 5. Funciones homogéneas y teorema de Euler - - Parte II: Máximos y mínimos: 1. Primer caso: funciones de una variable - 2. Segundo caso: funciones de dos variables - 3. Tercer caso: funciones de dos variables y una restricción - 4. Síntesis - 5. Relación entre el valor marginal y el valor medio de una función - 6. Un criterio útil en estática comparativa - 7. Conjuntos convexos - 8. Cuarto caso: función lineal y restricciones lineales (Programación lineal) - 9. Ejercicios - - Parte III: Aplicaciones: 1. El problema del monopolio: nivel óptimo de producción - 2. Discriminación de Precios - 3. Maximización del beneficio para un nivel de ventas - 4. Análisis de la empresa: el enfoque de la programación lineal - 5. Ejercicio de aplicación económica. |
| 590 ## - LOCAL NOTE (RLIN) | |
| Local note | niveau_biblio:m niveau_hierar:0 |
| 942 ## - ADDED ENTRY ELEMENTS (KOHA) | |
| Koha item type | |
| Withdrawn status | Lost status | Damaged status | Not for loan | Home library | Current library | Shelving location | Date acquired | Total checkouts | Full call number | Barcode | Date last seen | Price effective from | Koha item type |
|---|---|---|---|---|---|---|---|---|---|---|---|---|---|
| Biblioteca Prof. Eusebio Cleto del Rey | Biblioteca Prof. Eusebio Cleto del Rey | 07/04/2026 | 330.101.542 F362 3ed. | L26646 | 07/04/2026 | 07/04/2026 | Libro | ||||||
| Biblioteca Prof. Eusebio Cleto del Rey | Biblioteca Prof. Eusebio Cleto del Rey | 07/04/2026 | 330.101.542 F362 3ed. | L26647 | 07/04/2026 | 07/04/2026 | Libro |